Healing - FLETCHER - Statistics

General Stats
  • This quiz has been taken 3 times
  • The average score is 272 of 318
Answer Stats
Hint Answer % Correct
a
100%
ain't
100%
all
100%
art
100%
become
100%
been
100%
but
100%
But
100%
(But
100%
can't
100%
clearing
100%
done
100%
done)
100%
feeling
100%
feelings
100%
feelings)
100%
gone
100%
healing
100%
healing)
100%
(Healing)
100%
I
100%
I'm
100%
in
100%
Inside
100%
is
100%
it
100%
It
100%
it's
100%
It's
100%
Chorus | Intro I've
100%
(I've
100%
journey
100%
made
100%
me
100%
mistakes
100%
my
100%
(My
100%
No
100%
of
100%
on
100%
out
100%
shit
100%
smoke
100%
that
100%
that's
100%
the
100%
The
100%
there
100%
things
100%
who
100%
work
100%
working
100%
yet
100%
alive
50%
And
50%
'bout
50%
Verse 2 Breaking
50%
breathe
50%
breathing
50%
broken
50%
broken)
50%
ceiling
50%
don't
50%
down
50%
easy
50%
erase
50%
exhale
50%
Falling
50%
finally
50%
(Finally)
50%
happens
50%
hard
50%
hope
50%
hopeless
50%
Verse 1 Inhale
50%
Lately
50%
Losing
50%
maybe
50%
mean
50%
million
50%
miracle
50%
need
50%
never
50%
one
50%
overnight
50%
piece
50%
pieces
50%
repeat
50%
said
50%
so
50%
still
50%
time
50%
times
50%
to
50%
Tryna
50%
Upside
50%
was
50%
yeah
50%
(Yeah
50%
(yeah
50%
yeah)
50%
back)
0%
'em
0%
take
0%
No matching quizzes found
Score Distribution
Percent of People with Each Score
Percentile by Number Answered
Your Score History
You have not taken this quiz